LEADER 00819naa a2200217 u 4500 001 000000093757 003 CaOOAMICUS 005 20070226130135.0 008 010716s1971 fr u000 u fre u 035 $a10897465 040 $aPUL(R)$bita 100 1 $aCansacchi, Giorgio.$0(OLS)http://pul/name/29746 245 10$aIdentité et continuité des sujets internationaux /$cpar Giorgio Cansacchi. 260 $a[S. l. :$bs. n.],$c1971. 300 $aP. [1-94] 504 $aBibliografia in nota. 650 4$aDiritto internazionale pubblico.$0(OLS)http://pul/subject/13984 773 0 $tRecueil des cours$gv.II (1970) 773 0 $tRecueil des cours 1970$w()60163 996 $6245$aIdentité et continuité des sujets internationaux$9(OLS)http://pul/title/120616 996 $6260$a[S. l. :$bs. n.]$9(OLS)http://pul/publisher/47882 LEADER 01308nam a2200277 u 4500 001 000000049713 003 CaOOAMICUS 005 20070226115136.0 008 000710r19721927stk u000 u eng u 035 $a10851921 040 $aPUL(R)$bita 100 1 $aMontgomery, James Alan,$d1866-1949.$0(OLS)http://pul/name/24571 245 12$aA critical and exegetical commentary on the Books of Daniel /$cby James A. Montgomery, Ph.D., S.T.D. 260 $aEdinburgh :$bT. & T. Clark,$c1972. 300 $axxxi, 488 p. ;$c22 cm 490 1 $aInternational critical commentary on the Holy Scriptures of the Old and New Testaments 500 $aInclude indici. 504 $aBibliografia : p. xv-xxvi. 630 04$aBiblia.$pV.T.$pDaniel$xCommenti.$0(OLS)http://pul/subject/7430 830 0$aInternational critical commentary on the Holy Scriptures of the Old and New Testaments.$0(OLS)http://pul/title/41926 850 $aPUL 852 $aPUL$W1$xDP1 Fondo Ciprotti$y59$m1533 G 11$j66007$nBK-PRI$b $qFondi$B66007$CPULBib$Z2$F66007 $H $81 941 1 $a1 961 $aINV: 0430. Fondo Ciprotti 996 $6245$aA critical and exegetical commentary on the Books of Daniel$9(OLS)http://pul/title/41980 996 $6260$aEdinburgh :$bT. & T. Clark$9(OLS)http://pul/publisher/51693